00431nam a2200121Ia 4500082001200000100001800012245009100030260006000121300000800181504002600189650005800215650003600273 aRE.0016 aEswaraiah, G. 0aStudy on the social mobility of the rural scheduled caste population in Andhra Pradesh c0bIndian Council of Social Science Research, New Delhi a118 aincludes bibliography aScheduled castes and scheduled tribeszAndhra Pradesh aSocial mobilityzAndhra Pradesh